Statistiken für Satellitenbilder #3

Klicken Sie hier um das Quiz zu spielen!

Allgemein

  • Dieses Quiz wurde 1.930 mal gespielt
  • Das Durchschnittsergebnis liegt bei 9 aus 16

Antwortstatistiken

Antwort% Korrekt
Nil
96%
Somalia
91%
Ostsee
87%
Schottland
83%
Iran
78%
Manhattan
71%
Kaspisches Meer
67%
Patagonien
55%
Tasmanien
50%
Hawaii
48%
Neufundland
40%
Hudsonbai
38%
Massachusetts
35%
Québec
35%
Mississippi
34%
Sydney
21%

Verteilung der Resultate

Perzentil nach korrekt beantworteten Fragen

Anzahl Personen mit jedem Resultat

Ihre Resultats-Entwicklung

Sie haben dieses Quiz noch nicht gespielt